Loading...
| History - European | 0 | 6 | 1 | 2 | 55 | 19 | 67.17 | 1 | 1 | 21.01 | 25.98 |
| Literature - British | 0 | 5 | 0 | 0 | 50 | 24 | 52.60 | 1 | 3 | 24.43 | 30.91 |
| Fine Arts - Other | 0 | 5 | 1 | 1 | 45 | 23 | 63.20 | 2 | 2 | 20.29 | 31.32 |
| Fine Arts - Classical Music | 0 | 5 | 1 | 0 | 45 | 38 | 50.00 | 2 | 3 | 26.09 | 37.60 |
| Science - Physics | 0 | 3 | 0 | 1 | 30 | 43 | 70.33 | 1 | 1 | 9.58 | 15.30 |
| Literature - American | 0 | 3 | 0 | 0 | 30 | 69 | 75.00 | 0 | 0 | 10.22 | 14.79 |
| Religion | 0 | 3 | 0 | 0 | 30 | 44 | 54.00 | 1 | 3 | 13.42 | 22.52 |
| Science - Other | 0 | 3 | 1 | 0 | 25 | 72 | 81.33 | 0 | 1 | 8.87 | 15.36 |
| Fine Arts - Painting and Sculpture | 0 | 2 | 0 | 0 | 20 | 21 | 46.00 | 1 | 1 | 10.92 | 13.64 |
| History - World | 0 | 2 | 0 | 0 | 20 | 59 | 64.00 | 0 | 0 | 7.06 | 10.26 |
| Philosophy | 0 | 2 | 0 | 0 | 20 | 59 | 69.50 | 0 | 0 | 7.02 | 9.26 |
| Literature - European | 0 | 2 | 0 | 0 | 20 | 48 | 58.00 | 0 | 1 | 9.29 | 13.48 |
| Popular Culture | 0 | 1 | 0 | 0 | 10 | 26 | 26.00 | 0 | 1 | 12.73 | 15.28 |
| Literature - World | 0 | 1 | 0 | 1 | 10 | 115 | 115.00 | 0 | 0 | 0.00 | 0.76 |
| History - American | 0 | 1 | 0 | 0 | 10 | 63 | 63.00 | 0 | 0 | 3.84 | 3.31 |
| Science - Chemistry | 0 | 0 | 1 | 0 | -5 | 0.00 | 0 | 0 | 0.00 | 0.00 |